|
|
|
|
| LEADER |
00621cam a2200169 7i4500 |
| 001 |
0000031619 |
| 005 |
20140905090000.0 |
| 022 |
0 |
0 |
|a 18105432
|
| 090 |
0 |
0 |
|a I 333.7
|b TRA
|
| 245 |
0 |
0 |
|a Trade and environment review 2013 :
|b wake up before it is too late.
|
| 260 |
0 |
0 |
|a New York:
|b United Nations,
|c 2013.
|
| 300 |
# |
# |
|a 321 p.
|
| 650 |
0 |
0 |
|a International trade --
|x Environmental aspects
|
| 650 |
0 |
0 |
|a Economic development --
|x Environmental aspects
|
| 650 |
0 |
0 |
|a Environmental policy --
|x Economic aspects
|
| 650 |
0 |
0 |
|a Commercial policy --
|x Environmental aspects
|
| 999 |
|
|
|a 0000034492
|b Book
|c International
|e Business Information Centre
|